00302nam a2200133Ia 4500008004000000041000800040082001700048100004100065245001300106260002200119300001000141650000800151650000900159210210b2018 xxu||||| |||| 00| 0 eng d aeng a891.462 JEKM aJEKAB (Drimar) Psued jekab Fernandis aMay ganv aHonnavarb-c2018 aix,42 aMay aganv